| 000 | 01011cam a2200205 4500 | ||
|---|---|---|---|
| 001 | ABS63027 | ||
| 008 | 000000n2000 000 0 eng u | ||
| 035 | _a(Sirsi) u108969 | ||
| 100 | _aWard, V. | ||
| 245 | _aLock up your data | ||
| 260 | _c2000 | ||
| 490 |
_aEstates Gazette _v(0041) 14 October 2000, 204-205(2) |
||
| 520 | _aA Mainly for students article that considers the importance for property professionals of new data protection legislation. The Data Protection Act 1998 came into force on 1 March 2000. This protects individuals with regard to the processing of personal data on a computer, and the movement of such data. Lists key points which a data controller must comply with, and looks at the rights of data subjects, enforcement of the DPA, and the practicalities of compliance. | ||
| 590 | _aABS | ||
| 650 | _aDATA PROTECTION | ||
| 650 | _aDATA PROTECTION ACT 1998 | ||
| 650 | _aMAINLY FOR STUDENTS | ||
| 690 | _aMANAGEMENT-BUSINESS MANAGEMENT-INFORMATION MANAGEMENT | ||
| 942 | _n0 | ||
| 999 |
_c65075 _d65075 |
||